| 000 | 00584cam a22002291 4500 | ||
|---|---|---|---|
| 001 | sa 64004964 | ||
| 003 | DLC | ||
| 005 | 20260227112029.0 | ||
| 008 | 890517s1963 xx 000 0 beno | ||
| 010 | _asa 64004964 | ||
| 035 | _a(OCoLC)23556807 | ||
| 040 |
_aDLC _cMiU _dDLC |
||
| 042 | _apremarc | ||
| 043 | _aa-pk--- | ||
| 050 | 0 | 0 |
_aHD3540.5.E2 _bE2 |
| 110 | 2 | _aEast Pakistan Co-operative Union. | |
| 245 | 1 | 0 | _aSamabāẏa-karmmīra śikshā-sāthī. |
| 260 | _c[1963] | ||
| 300 |
_a60 p. _c24 cm. |
||
| 500 | _aRomanized. | ||
| 650 | 0 |
_aCooperative societies _zPakistan. |
|
| 999 |
_c58853 _d58853 |
||